The alcohol quiz - Statistics

General Stats
  • This quiz has been taken 1,269 times
  • The average score is 7 of 19
Answer Stats
Hint Answer % Correct
What spirit is made from potatoes? Vodka
92%
What is the main alcoholic ingredient in a mojito? Rum
80%
What liquor is associated with the Jose Cuervo brand? Tequila
79%
Who orders his martinis "Shaken, not stirred"? James Bond
73%
What type of spirit is usually associated with juniper berries? Gin
72%
What type of alcohol is the common one found in alcoholic beverages? ethanol
51%
What highly alcoholic beverage is nicknamed "The green fairy"? Absinthe
42%
Which brand of gin features a classy blue bottle? Bombay
42%
Brandy is obtained by distilling what? Wine
40%
What spirit is the official spirit of the United States, by act of congess? Bourbon
37%
Guess this drink : Rum, Tequila, vodka, gin, triple sec, lemon juice, cola Long Island Iced Tea
34%
What is Ron Burgundy's favourite drink? Scotch
26%
Apart from whiskey, what other alcohol is used to make a "Manhattan"? Vermouth
20%
What alcoholic beverage is known to often have a worm in the bottle? Mezcal
13%
What is its scientific formula? C2H5OH
12%
To make a gibson, what do you add to a martini? onion
7%
What liqueur made from neutral spirits and fruit flavours is associated with New Orleans? Southern Comfort
4%
What is Leon Phelps', the "ladies man", favourite drink? (brand) Courvoisier
3%
Name this cognac based brand of alcohol which features a red ribbon on its bottle. Grand Marnier
3%
No matching quizzes found
Score Distribution
Percent of People with Each Score
Percentile by Number Answered
Your Score History
You have not taken this quiz